Aasian maantiedettä kirjaimittain - B - Statistics

Yleistilastot
  • Tätä visaa on pelattu 558 kertaa
  • Keskiarvotulos 15 / 20
Vastaustilastot
Vihje Vastaus % Oikein
Thaimaan pääkaupunki Bangkok
93%
Pieni Himalajan valtio Bhutan
92%
Suosittu lomasaari Indonesiassa Bali
89%
Yllä olevan suisto on pääosin tämän valtion alueella Bangladesh
88%
Pieni saarivaltio Saudi-Arabian kupeessa Bahrain
85%
... ja 1 % tälle valtiolle Brunei
85%
Myanmarin toinen nimi Burma
85%
Monet Aasian suurimmista patsaista kuvaavat tätä henkilöä Buddha
84%
Gangesjoki laskee tähän merenlahteen {Bengalin}lahti
79%
Mumbain entinen nimi Bombay
73%
Nimitys Lähi-idän kauppakaduille Basaari
72%
Lähellä yllä olevaa sijaitseva pääkaupunki Bagdad
69%
Vuosittain F1-osakilpailun järjestävä kaupunki Kaukasuksella Baku
69%
Saari, josta 73 % kuuluu Indonesialle ja 26 % Malesialle Borneo
67%
Tämän pääkaupungin satamassa tapahtui erittäin tuhoisa räjähdys elokuussa 2020 Beirut
66%
Venäjän ja Alaskan välinen salmi {Beringin}salmi
66%
Euroopan ja Aasian erottava salmi Istanbulissa {Bosporin}salmi
64%
Muinainen Mesopotamian merkittävä kaupunki Babylon
56%
Kirgisian pääkaupunki Biškek
49%
Etelä-Korean toiseksi suurin kaupunki Busan
46%
Ehtoja vastaavia visoja ei löytynyt
Tulosjakauma
Jokaisen tuloksen saaneiden osuus
Persentiili vastausten määrän mukaan
Tuloshistoriasi
Et ole pelannut tätä visaa